00789cam a2200229 a 450000100100000000500170001000800410002703500190006804000250008708200210011210000360013324500940016926000430026330000210030649000350032750400340036260000290039665100260042565000400045170000320049183000360052300000748120200929154203.0900321s1987 cu b 000 0bspa  a(DLC) 90134065 aDO-SdBNPcDLCdBNPHU a923.291bR628Ó1 aOsa, Enrique de la,d1909-1997.10aVisión y pasión de Raúl Roa /cEnrique de la Osa ; edición, José Quintana Lara. aLa Habana :bCiencias Sociales,c1987. a433 p. ;c24 cm.1 aCiencias SocialesaPolíticas aBibliografía: (p. 418-433).10aROA, RAÚLl.y1907-1987 4aCubaxHistoriay1895- 4aRevolucionarioszCubaxBiografía.1 aQuintana Lara, José,eed. 0aCiencias Sociales,pPolíticas